000 02681nam a2200313 i 4500
001 000047909
003 DO-SdBNP
005 20251013132200.0
007 ta
008 181003e2007 dr adc gr s001 e spa d
020 _a9789945130546, v.1
020 _a9789945130584, v.2
040 _aDO-SdBNP
_bspa
_cBNPHU
_erda
041 _aspa
082 4 _axxx
_bxxx
_222
111 2 _aSeminario Taller la Campaña Electoral, Regulación y Control
_d(2007 : 14-15 jun.
_cSanto Domingo)
_975468
245 1 3 _aLa campaña electoral :
_bregulación y control ; editor, Nurys Paulino
264 1 _aSanto Domingo :
_bJunta Central Electoral,
_c2007.
300 _avolumenes ;
_bilustraciones, gráficos, retratos ;
_c22 cm.
336 _atexto
_btxt
_2rdacontent
337 _asin mediación
_bn
_2rdamedia
338 _avolumen
_bnc
_2rdacarrier
505 0 _aPresentación--
_tDiscurso de bienvenida a cargo del Doctor Julio César Castaños Guzmán--
_tDiscurso del Reverendo Padre Ramón Alonso, Rector de la Universidad Católica Santo Domingo--
_tTema 1--
_tMarcos regulatorios de la campaña electoral en República Dominicana /
_tRegulación y Control de las campañas electorales en América Latina: balance general-
_tTema 2--
_tCampaña electorales, equidad y democracia en México : experiencia mexicana --
_tTema 3--
_tCampaña electoral, regulación y control experiencia chilena --
_tTema 4--
_tPanel representantes partidos políticos --
_tPalabras de Clausura.
505 0 _av.2--
_tCampaña Electoral: Financiamien--
_gPresentación --
_tDiscurso de bienvenida a cargo del Dr. Julio César--
_gTema I--
_t"Marco Jurídico del Financiamiento de la Campaña Electoral en la República Dominicana, Dr. José Ángel Aquino Rodríguez, Miembro Titular de la Cámara Administrativa de la Junta Central Electoral--
_t"Evolución del Financiamiento de la Campaña Electoral en Europa: experiencia en las Islas Canarias, Dr. Alfredo Belda, Diputado del parlamento Canario, España--
_gTema II--
_tFinanciamiento de los partidos políticos y de las Campañas Electorales en México, Lic. Arturo Sánchez Guitiérrez, Ministro Consejo Instituto Federal Electoral de México (IFE)--
_tFinanciación de Campañas Electorales y Rendición de Cuentas de las Campañas: Experiencia colombiana, Dr. Marco Emilio Hincapié Ramírez, Miembro Titular del Consejo Nacional Electoral de Colombia--
_tPalabras de clausura, Dr. César Francisco Féliz Féliz, Miembro Titular de la Cámara Administrativa de la Junta Central Electoral.
590 _aInventariado, 2019/ VM
700 _aPaulino, Nurys,
_eeditor
_4ed.
_922136
710 1 _aRepública Dominicana.
_b Junta Central Electoral
_964605
942 _2ddc
_cLBS1
999 _c47397
_d47397